[Event "GBR-ch85"]
[Site "Torquay"]
[Date "1998.07.29"]
[Round "3.1"]
[White "Arkell, Keith C"]
[Black "Short, Nigel David"]
[Result "0-1"]
[WhiteElo "2475"]
[BlackElo "2670"]
[PlyCount "52"]
[EventDate "1998.07.27"]
[EventType "swiss"]
[EventRounds "11"]
[EventCountry "GBR"]
[SourceTitle "BritBase"]
[Source "britbase.info"]
[SourceDate "2021.07.30"]
[SourceVersion "1"]
[SourceVersionDate "2021.07.30"]
[SourceQuality "1"]

1. d4 Nf6 2. Nf3 d5 3. c4 e6 4. Nc3 Be7 5. Bg5 h6 6. Bh4 O-O 7. e3 b6 8. Be2
Bb7 9. Bxf6 Bxf6 10. cxd5 exd5 11. b4 c6 12. O-O a5 13. a3 Nd7 14. Qb3 Re8 15.
Bd3 axb4 16. axb4 Nf8 17. Rfd1 Ne6 18. Bf1 Qd6 19. Ne1 h5 20. g3 Rxa1 21. Rxa1
Bxd4 22. exd4 Nxd4 23. Qa3 Rxe1 24. Rxe1 Nf3+ 25. Kh1 Nxe1 26. Qa7 Qe7 0-1

[Event "GBR-ch85"]
[Site "Torquay"]
[Date "1998.07.29"]
[Round "3.2"]
[White "Sadler, Matthew D"]
[Black "Thipsay, Praveen"]
[Result "1-0"]
[WhiteElo "2660"]
[BlackElo "2450"]
[PlyCount "107"]
[EventDate "1998.07.27"]
[EventType "swiss"]
[EventRounds "11"]
[EventCountry "GBR"]
[SourceTitle "BritBase"]
[Source "britbase.info"]
[SourceDate "2021.07.30"]
[SourceVersion "1"]
[SourceVersionDate "2021.07.30"]
[SourceQuality "1"]

1. d4 g6 2. c4 Nf6 3. Nc3 Bg7 4. e4 d6 5. f3 O-O 6. Bg5 c5 7. d5 e6 8. Qd2 exd5
9. cxd5 h6 10. Be3 a6 11. Rc1 Nh7 12. Bd3 Nd7 13. b3 Ne5 14. Bb1 b5 15. Nge2
Qh4+ 16. Ng3 Bd7 17. O-O a5 18. Bf2 Qe7 19. h3 b4 20. Nce2 Bb5 21. f4 Nd7 22.
e5 dxe5 23. f5 Ra6 24. Be3 Rc8 25. Bd3 Bxd3 26. Qxd3 Rf6 27. fxg6 fxg6 28. Ne4
Rxf1+ 29. Rxf1 Nhf8 30. N2g3 Rb8 31. Rc1 Qd8 32. Kh1 Nb6 33. Rd1 Nfd7 34. Nxc5
Nxc5 35. Bxc5 Nd7 36. Be3 Kh7 37. Ne4 Qh4 38. Bf2 Qe7 39. Rc1 Nf6 40. Bh4 Nxe4
41. Qxe4 Qf7 42. d6 Rb7 43. Be7 Rxe7 44. dxe7 Qxe7 45. Rc6 Qf7 46. Rb6 h5 47.
h4 Kh6 48. Kg1 Kh7 49. Kh2 Kh6 50. Ra6 Kh7 51. Rxa5 Qf2 52. Rb5 Bf8 53. Rb7+
Kh6 54. Rc7 1-0

[Event "GBR-ch85"]
[Site "Torquay"]
[Date "1998.07.29"]
[Round "3.4"]
[White "Wells, Peter K"]
[Black "Martin, Andrew D"]
[Result "1-0"]
[WhiteElo "2515"]
[BlackElo "2445"]
[PlyCount "69"]
[EventDate "1998.07.27"]
[EventType "swiss"]
[EventRounds "11"]
[EventCountry "GBR"]
[SourceTitle "BritBase"]
[Source "britbase.info"]
[SourceDate "2021.07.30"]
[SourceVersion "1"]
[SourceVersionDate "2021.07.30"]
[SourceQuality "1"]

1. d4 Nf6 2. Nf3 d6 3. c4 Nbd7 4. Nc3 e5 5. e4 Be7 6. Be2 O-O 7. O-O c6 8. Be3
a6 9. d5 c5 10. Ne1 Ne8 11. Qd2 h6 12. g3 Ndf6 13. f4 Ng4 14. Bxg4 Bxg4 15.
fxe5 dxe5 16. Nd3 Qc7 17. Qg2 Nf6 18. h3 Bh5 19. g4 Bg6 20. Rad1 Rfe8 21. Nf2
Bd6 22. Nh1 Nh7 23. h4 f6 24. Ng3 Red8 25. Rd2 Qa5 26. g5 hxg5 27. hxg5 fxg5
28. Qh3 Re8 29. Nf5 Qd8 30. Nh6+ gxh6 31. Qxh6 Kh8 32. Rh2 Qd7 33. Qxg6 Re7 34.
Bxg5 Rg7 35. Bf6 1-0

[Event "GBR-ch85"]
[Site "Torquay"]
[Date "1998.07.29"]
[Round "3.5"]
[White "Rowson, Jonathan"]
[Black "Hinks-Edwards, Thomas"]
[Result "1-0"]
[WhiteElo "2495"]
[BlackElo "2315"]
[PlyCount "49"]
[EventDate "1998.07.27"]
[EventType "swiss"]
[EventRounds "11"]
[EventCountry "GBR"]
[SourceTitle "BritBase"]
[Source "britbase.info"]
[SourceDate "2021.07.30"]
[SourceVersion "1"]
[SourceVersionDate "2021.07.30"]
[SourceQuality "1"]

1. e4 Nf6 2. e5 Nd5 3. d4 d6 4. c4 Nb6 5. exd6 exd6 6. Nc3 Be7 7. h3 O-O 8. Nf3
Bf5 9. Be2 c6 10. O-O N8d7 11. d5 c5 12. Bf4 Nc8 13. Bd3 Bxd3 14. Qxd3 Bf6 15.
Rae1 Bxc3 16. Qxc3 f6 17. Bh2 Ne5 18. Nxe5 fxe5 19. f4 exf4 20. Rxf4 Ne7 21.
Qe3 Rxf4 22. Bxf4 Ng6 23. Qe6+ Kh8 24. Bxd6 Rc8 25. Bg3 1-0

[Event "GBR-ch85"]
[Site "Torquay"]
[Date "1998.07.29"]
[Round "3.6"]
[White "Hebden, Mark"]
[Black "Sasikiran, Krishnan"]
[Result "1/2-1/2"]
[WhiteElo "2590"]
[BlackElo "2470"]
[PlyCount "147"]
[EventDate "1998.07.27"]
[EventType "swiss"]
[EventRounds "11"]
[EventCountry "GBR"]
[SourceTitle "BritBase Aug 2004"]

1. d4 Nf6 2. Nf3 g6 3. Nc3 d5 4. Bf4 Bg7 5. e3 O-O 6. Be2 c5 7. Ne5 Nc6 8. O-O
cxd4 9. exd4 Bf5 10. Re1 Rc8 11. Nxc6 Rxc6 12. Qd2 Qb6 13. Na4 Qd8 14. Nc5 b6
15. Bb5 bxc5 16. Bxc6 Qb6 17. Ba4 Ne4 18. dxc5 Qxc5 19. Rxe4 Bxe4 20. c3 e5 21.
Be3 d4 22. cxd4 exd4 23. Bf4 d3 24. Rc1 Qd4 25. Bb3 Bf5 26. h3 h5 27. Rc7 a5
28. Be3 Qd8 29. Rb7 a4 30. Bxa4 Qd5 31. Rb4 Qxa2 32. Bb3 Qa1+ 33. Kh2 Be5+ 34.
Bf4 Qa5 35. g3 Qc7 36. Qe3 Bxf4 37. Rxf4 Qd8 38. Bd1 Re8 39. Rd4 Qb8 40. Qd2
Qa7 41. Rf4 Qc5 42. Qb4 Qe5 43. Qd4 Qe1 44. Bb3 d2 45. Qf6 Re7 46. Rxf5 gxf5
47. Qg6+ Kf8 48. Qh6+ Kg8 49. Qg6+ Kf8 50. Qh6+ Ke8 51. Qh8+ Kd7 52. Ba4+ Kc7
53. Qc3+ Kb8 54. Qb4+ Rb7 55. Qd6+ Ka7 56. Qd4+ Rb6 57. Bc2 Qe2 58. Qd7+ Rb7
59. Qd4+ Ka8 60. Qd8+ Rb8 61. Qd5+ Rb7 62. Kg2 Kb8 63. Qd8+ Ka7 64. Qd4+ Kb8
65. h4 Rc7 66. Qb4+ Rb7 67. Qd6+ Ka7 68. Qd4+ Kb8 69. b4 Rc7 70. Qb6+ Rb7 71.
Qd8+ Ka7 72. Qd4+ Kb8 73. Qd8+ Ka7 74. Qd4+ 1/2-1/2

[Event "GBR-ch85"]
[Site "Torquay"]
[Date "1998.07.29"]
[Round "3.10"]
[White "Tebb, David"]
[Black "Ward, Christopher G"]
[Result "0-1"]
[WhiteElo "2250"]
[BlackElo "2505"]
[PlyCount "66"]
[EventDate "1998.07.27"]
[EventType "swiss"]
[EventRounds "11"]
[EventCountry "GBR"]
[SourceTitle "BritBase"]
[Source "britbase.info"]
[SourceDate "2021.07.30"]
[SourceVersion "1"]
[SourceVersionDate "2021.07.30"]
[SourceQuality "1"]

1. e4 c5 2. Nf3 d6 3. d4 cxd4 4. Nxd4 Nf6 5. Nc3 g6 6. Be3 Bg7 7. f3 Nc6 8. Qd2
O-O 9. O-O-O Nxd4 10. Bxd4 Be6 11. Kb1 Qc7 12. Bb5 a6 13. Ba4 b5 14. Bb3 b4 15.
Nd5 Bxd5 16. exd5 Rfb8 17. Ba4 Nxd5 18. Bxg7 Nb6 19. Qh6 Nxa4 20. Rd4 Nc3+ 21.
Ka1 Qa5 22. bxc3 b3 23. cxb3 Qxc3+ 24. Kb1 Rxb3+ 25. axb3 Qxb3+ 26. Kc1 Rc8+
27. Kd2 Rc2+ 28. Ke1 Qe6+ 29. Re4 Qa2 30. Kf1 Rf2+ 31. Ke1 Rxg2 32. Qc1 Qf2+
33. Kd1 Qxf3+ {Won the best game prize} 0-1

[Event "GBR-ch85"]
[Site "Torquay"]
[Date "1998.07.29"]
[Round "3.11"]
[White "Summerscale, Aaron"]
[Black "Kennaugh, Charles"]
[Result "1-0"]
[WhiteElo "2455"]
[BlackElo "2290"]
[PlyCount "87"]
[EventDate "1998.07.27"]
[EventType "swiss"]
[EventRounds "11"]
[EventCountry "GBR"]
[SourceTitle "BritBase"]
[Source "britbase.info"]
[SourceDate "2021.07.30"]
[SourceVersion "1"]
[SourceVersionDate "2021.07.30"]
[SourceQuality "1"]

1. Nf3 d5 2. d4 e6 3. c4 Nf6 4. Nc3 dxc4 5. e3 c5 6. Bxc4 Nc6 7. O-O a6 8. Qe2
b5 9. Bb3 Bb7 10. Rd1 Qb6 11. d5 exd5 12. Nxd5 Nxd5 13. Bxd5 Be7 14. b3 O-O 15.
Bb2 Rad8 16. Ne1 Na5 17. Bxb7 Nxb7 18. Nd3 Bf6 19. Bxf6 Qxf6 20. Rac1 Rd5 21.
e4 Qe7 22. Re1 Re8 23. Qe3 Qd6 24. exd5 Rxe3 25. Rxe3 Kf8 26. Rce1 g6 27. Ne5
Kg7 28. Rd1 Na5 29. Re4 h5 30. h4 Nb7 31. g3 Nd8 32. Nf3 Nc6 33. Rd2 Nb4 34.
Kg2 a5 35. a3 Na6 36. Ng5 Nc7 37. Re3 c4 38. bxc4 bxc4 39. Ne4 Qb6 40. d6 Ne6
41. d7 Qc7 42. Kh2 Kf8 43. Nc5 Nd8 44. Re8+ 1-0

[Event "GBR-ch85"]
[Site "Torquay"]
[Date "1998.07.29"]
[Round "3.12"]
[White "Levitt, Jonathan P"]
[Black "Lewis, Andrew P"]
[Result "1-0"]
[WhiteElo "2430"]
[BlackElo "2275"]
[PlyCount "131"]
[EventDate "1998.07.27"]
[EventType "swiss"]
[EventRounds "11"]
[EventCountry "GBR"]
[SourceTitle "BritBase Aug 2004"]

1. d4 Nf6 2. c4 g6 3. Nc3 Bg7 4. e4 d6 5. f3 O-O 6. Be3 c5 7. Nge2 Nc6 8. d5
Ne5 9. Ng3 e6 10. Be2 exd5 11. cxd5 a6 12. O-O b5 13. a3 Rb8 14. b4 Nfd7 15.
Rc1 h5 16. Na2 h4 17. Nh1 h3 18. g3 f5 19. Nf2 Nb6 20. bxc5 Nbc4 21. Bxc4 Nxc4
22. Bd4 Bxd4 23. Qxd4 dxc5 24. Qxc5 Nd2 25. Qe3 Nxf1 26. Qh6 Rb7 27. Rxf1 Rg7
28. Nb4 fxe4 29. fxe4 a5 30. Nbd3 Qd6 31. Nf4 b4 32. axb4 axb4 33. e5 Qxe5 34.
Nxg6 Rxg6 35. Qxg6+ Kh8 36. Qh6+ Kg8 37. Qxf8+ Kxf8 38. Nd3+ Qf5 39. Rxf5+ Bxf5
40. Nxb4 Ke7 41. Kf2 Kd6 42. Kf3 Kc5 43. g4 Bd7 44. Nd3+ Kxd5 45. Nf4+ Ke5 46.
Nxh3 Ba4 47. Nf2 Bc6+ 48. Ke3 Bd7 49. Nd3+ Kf6 50. Kf4 Ba4 51. Ne5 Bd1 52. h4
Be2 53. Nf3 Kg6 54. Nd4 Bd1 55. Nf5 Kf6 56. Ng3 Kg6 57. h5+ Kf6 58. g5+ Kg7 59.
Ke5 Bg4 60. Nf5+ Kh8 61. h6 Kh7 62. Kf6 Bh5 63. Ng7 Bg6 64. Ne6 Bc2 65. Nf8+
Kh8 66. g6 1-0

[Event "GBR-ch85"]
[Site "Torquay"]
[Date "1998.07.29"]
[Round "3.14"]
[White "Bates, Richard A"]
[Black "Houska, Jovanka"]
[Result "1-0"]
[WhiteElo "2395"]
[BlackElo "2190"]
[PlyCount "95"]
[EventDate "1998.07.27"]
[EventType "swiss"]
[EventRounds "11"]
[EventCountry "GBR"]
[SourceTitle "BritBase"]
[Source "britbase.info"]
[SourceDate "2021.07.30"]
[SourceVersion "1"]
[SourceVersionDate "2021.07.30"]
[SourceQuality "1"]

1. d4 d5 2. Nf3 c6 3. g3 Nf6 4. Bg2 Bf5 5. O-O e6 6. c4 Be7 7. b3 Nbd7 8. Nc3
Ne4 9. Bb2 O-O 10. Nd2 Nxd2 11. Qxd2 Qa5 12. f3 c5 13. Rad1 Qb4 14. dxc5 Bxc5+
15. Kh1 d4 16. g4 Bg6 17. Na4 Qxd2 18. Rxd2 e5 19. Nxc5 Nxc5 20. f4 f6 21. Ba3
Ne4 22. Rb2 Nc3 23. Bxf8 Rxf8 24. fxe5 fxe5 25. Rxf8+ Kxf8 26. Bxb7 Nd1 27. Rd2
Nf2+ 28. Kg2 Nxg4 29. h3 Nf6 30. e3 d3 31. e4 Nh5 32. Kf3 Nf4 33. Ke3 Ke7 34.
b4 Be8 35. Ba6 g5 36. c5 Bd7 37. Bxd3 Bxh3 38. b5 Bc8 39. Bc4 g4 40. Kf2 h5 41.
Kg3 Ng6 42. Rh2 Nf4 43. Bd5 Kd7 44. Bf7 Kc7 45. Bxh5 Nd3 46. Bxg4 Bxg4 47. Kxg4
Nxc5 48. Kf5 1-0

[Event "GBR-ch85"]
[Site "Torquay"]
[Date "1998.07.29"]
[Round "3.15"]
[White "Eames, Robert"]
[Black "Pert, Nicholas"]
[Result "1/2-1/2"]
[WhiteElo "2232"]
[BlackElo "2390"]
[PlyCount "146"]
[EventDate "1998.07.27"]
[EventType "swiss"]
[EventRounds "11"]
[EventCountry "GBR"]
[SourceTitle "BritBase Aug 2004"]

1. e4 e6 2. d4 d5 3. Nc3 Bb4 4. e5 c5 5. a3 Bxc3+ 6. bxc3 Ne7 7. Qg4 Kf8 8. h4
b6 9. h5 h6 10. Rh3 Ba6 11. Bxa6 Nxa6 12. Nf3 Qd7 13. a4 Rc8 14. Qf4 cxd4 15.
Nxd4 Rc4 16. g4 Nc5 17. Rf3 Nc6 18. a5 bxa5 19. Ba3 Kg8 20. Bxc5 Rxc5 21. Nxc6
Rxc6 22. g5 Rc4 23. Qg3 Re4+ 24. Kd2 hxg5 25. Qxg5 d4 26. c4 Qc7 27. Rg1 Qxe5
28. Qe7 Rf4 29. Rfg3 Rxf2+ 30. Kc1 Rf5 31. Qd8+ Kh7 32. Rxg7+ Qxg7 33. Rxg7+
Kxg7 34. Qxd4+ e5 35. Qxa7 Rfxh5 36. c5 Rc8 37. Qxa5 Rc6 38. Qb5 Rhh6 39. Kb2
Rhe6 40. Kc3 e4 41. Kd2 e3+ 42. Ke2 Kf6 43. Qc4 Re5 44. Qf4+ Ke6 45. Qg4+ Ke7
46. Qh4+ Kd7 47. Qd4+ Ke6 48. Qg4+ Ke7 49. Qh4+ f6 50. Qh7+ Ke6 51. Qg8+ Kd7
52. Qf7+ Re7 53. Qd5+ Kc7 54. Qc4 Rce6 55. Qd5 Re8 56. Qf3 Rd8 57. Qf4+ Kd7 58.
Qb4 Rc8 59. Qb7+ Rc7 60. Qd5+ Ke7 61. Qf5 Rcc6 62. Qh7+ Kd8 63. Qg8+ Kd7 64.
Qf7+ Kc8 65. Qg8+ Kb7 66. Qh7+ Rc7 67. Qh1+ Kb8 68. Qd5 Re5 69. Qb3+ Kc8 70.
Qg8+ Kb7 71. Qb3+ Kc8 72. Qg8+ Kb7 73. Qb3+ Kc8 1/2-1/2

[Event "GBR-ch85"]
[Site "Torquay"]
[Date "1998.07.29"]
[Round "3.16"]
[White "Houska, Miroslav"]
[Black "Stephenson, F Norman"]
[Result "1-0"]
[WhiteElo "2375"]
[BlackElo "2215"]
[PlyCount "45"]
[EventDate "1998.07.27"]
[EventType "swiss"]
[EventRounds "11"]
[EventCountry "GBR"]
[SourceTitle "BritBase"]
[Source "britbase.info"]
[SourceDate "2021.07.30"]
[SourceVersion "1"]
[SourceVersionDate "2021.07.30"]
[SourceQuality "1"]

1. d4 d5 2. c4 e6 3. Nc3 Nf6 4. cxd5 exd5 5. Bg5 Be7 6. e3 O-O 7. Bd3 c6 8. Qc2
Nbd7 9. Nge2 Re8 10. O-O Nf8 11. Rad1 Be6 12. f3 Qa5 13. Qd2 Rad8 14. a3 Bc8
15. Kh1 Ne6 16. Bh4 Nh5 17. Bf2 g6 18. g4 Nhg7 19. Bg3 Nf8 20. b4 Bxb4 21. axb4
Qxb4 22. Bh4 Rd6 23. Rb1 1-0

[Event "GBR-ch85"]
[Site "Torquay"]
[Date "1998.07.29"]
[Round "3.17"]
[White "Osborne, Marcus E"]
[Black "Basman, Michael John"]
[Result "1-0"]
[WhiteElo "2205"]
[BlackElo "2360"]
[PlyCount "103"]
[EventDate "1998.07.27"]
[EventType "swiss"]
[EventRounds "11"]
[EventCountry "GBR"]
[SourceTitle "BritBase"]
[Source "britbase.info"]
[SourceDate "2021.07.30"]
[SourceVersion "1"]
[SourceVersionDate "2021.07.30"]
[SourceQuality "1"]

1. e4 g5 2. d4 h6 3. h4 g4 4. Qxg4 d5 5. Qf4 dxe4 6. Nc3 Bg7 7. Bc4 e6 8. Nge2
Nf6 9. Nb5 Na6 10. b3 Bd7 11. Ba3 Bxb5 12. Bxb5+ c6 13. Bxa6 Qa5+ 14. Kf1 Qxa6
15. Bc5 Nd7 16. Rd1 O-O-O 17. Bd6 f5 18. a4 Nf6 19. c4 Nh5 20. Qh2 Qa5 21. c5
Rd7 22. Be5 Qb4 23. Bxg7 Qxb3 24. Ra1 Rxg7 25. Qe5 Rhg8 26. Rh3 Qd5 27. Rb1 f4
28. Rhb3 Qxe5 29. dxe5 Rd8 30. Nc3 Rd4 31. Rb4 Rxb4 32. Rxb4 e3 33. fxe3 fxe3
34. g4 Rf7+ 35. Ke2 Nf4+ 36. Kxe3 Nd5+ 37. Nxd5 cxd5 38. g5 hxg5 39. hxg5 Rg7
40. Rg4 Kd7 41. g6 Ke7 42. Kf4 Kf8 43. Kg5 Kg8 44. Kf6 Rc7 45. Rh4 a5 46. Kxe6
Rxc5 47. Kf6 Rc1 48. e6 Rf1+ 49. Ke7 Kg7 50. Rg4 d4 51. Rxd4 Kxg6 52. Kd7 1-0

[Event "GBR-ch85"]
[Site "Torquay"]
[Date "1998.07.29"]
[Round "3.18"]
[White "Wall, Gavin"]
[Black "Hanley, Craig"]
[Result "1-0"]
[WhiteElo "2355"]
[BlackElo "2010"]
[PlyCount "57"]
[EventDate "1998.07.27"]
[EventType "swiss"]
[EventRounds "11"]
[EventCountry "GBR"]
[SourceTitle "BritBase"]
[Source "britbase.info"]
[SourceDate "2021.07.30"]
[SourceVersion "1"]
[SourceVersionDate "2021.07.30"]
[SourceQuality "1"]

1. e4 e6 2. d4 d5 3. e5 c5 4. c3 Nc6 5. Nf3 Bd7 6. dxc5 Bxc5 7. b4 Bb6 8. Bd3
Nge7 9. Qe2 Ng6 10. b5 Na5 11. h4 Qc7 12. h5 Ne7 13. h6 g6 14. Bg5 Ng8 15. Rh4
Bc5 16. Nbd2 Rc8 17. c4 Be7 18. Kf1 dxc4 19. Nxc4 Nxc4 20. Rxc4 Qd8 21. Rxc8
Bxc8 22. Be3 g5 23. Rd1 Qa5 24. Bxg5 Bxg5 25. Nxg5 Nxh6 26. Qh5 Qa4 27. Be2 Rg8
28. Qxh6 Qf4 29. Nxf7 1-0

[Event "GBR-ch85"]
[Site "Torquay"]
[Date "1998.07.29"]
[Round "3.19"]
[White "Cooper, Andrew G"]
[Black "Lalic, Susan"]
[Result "0-1"]
[WhiteElo "2145"]
[BlackElo "2350"]
[PlyCount "58"]
[EventDate "1998.07.27"]
[EventType "swiss"]
[EventRounds "11"]
[EventCountry "GBR"]
[SourceTitle "BritBase"]
[Source "britbase.info"]
[SourceDate "2021.07.30"]
[SourceVersion "1"]
[SourceVersionDate "2021.07.30"]
[SourceQuality "1"]

1. d4 Nf6 2. c4 e5 3. Nc3 Bb4 4. Qc2 O-O 5. a3 Bxc3+ 6. Qxc3 Ne4 7. Qc2 f5 8.
g3 b6 9. Bg2 Bb7 10. Nf3 Nf6 11. b4 Be4 12. Qb3 Nc6 13. Bb2 Ne7 14. O-O Qe8 15.
Rad1 Qh5 16. Rd2 b5 17. cxb5+ Ned5 18. Nxe5 Bxg2 19. Kxg2 d6 20. Nc6 Ne4 21.
Rc2 Rf6 22. Bc1 f4 23. Qf3 Qg6 24. Bxf4 Rxf4 25. Ne7+ Nxe7 26. Qxf4 Nd5 27. Qc1
Nxf2 28. Rb2 Qe4+ 29. Kxf2 Rf8+ 0-1

[Event "GBR-ch85"]
[Site "Torquay"]
[Date "1998.07.29"]
[Round "3.20"]
[White "Knott, Simon"]
[Black "Buckley, Melanie"]
[Result "1-0"]
[WhiteElo "2340"]
[BlackElo "2005"]
[PlyCount "59"]
[EventDate "1998.07.27"]
[EventType "swiss"]
[EventRounds "11"]
[EventCountry "GBR"]
[SourceTitle "BritBase"]
[Source "britbase.info"]
[SourceDate "2021.07.30"]
[SourceVersion "1"]
[SourceVersionDate "2021.07.30"]
[SourceQuality "1"]

1. c4 e5 2. Nc3 Nc6 3. Nf3 g6 4. d4 d6 5. dxe5 Nxe5 6. Nxe5 dxe5 7. Qxd8+ Kxd8
8. b3 c6 9. Bb2 Bg7 10. O-O-O+ Kc7 11. Ba3 Bf5 12. Bd6+ Kc8 13. e3 Nh6 14. h3
f6 15. g4 Bd7 16. Ne4 Nxg4 17. hxg4 Bxg4 18. Bh3 Bxh3 19. Rxh3 b6 20. f4 a5 21.
fxe5 fxe5 22. c5 b5 23. Ng5 Ra7 24. Nxh7 Bf6 25. Rdh1 Be7 26. Bxe7 Rxe7 27. Nf6
Rxh3 28. Rxh3 Rf7 29. Rh8+ Kc7 30. Rh7 1-0

[Event "GBR-ch85"]
[Site "Torquay"]
[Date "1998.07.29"]
[Round "3.22"]
[White "Cobb, James E"]
[Black "Buckley, Simon"]
[Result "1/2-1/2"]
[WhiteElo "2305"]
[BlackElo "2120"]
[PlyCount "54"]
[EventDate "1998.07.27"]
[EventType "swiss"]
[EventRounds "11"]
[EventCountry "GBR"]
[SourceTitle "BritBase"]
[Source "britbase.info"]
[SourceDate "2021.07.30"]
[SourceVersion "1"]
[SourceVersionDate "2021.07.30"]
[SourceQuality "1"]

1. Nf3 Nf6 2. d4 g6 3. Nc3 d5 4. Bf4 Bg7 5. e3 O-O 6. Be2 c5 7. O-O b6 8. Ne5
Bb7 9. Bf3 e6 10. a4 Nc6 11. Nxc6 Bxc6 12. Be5 Ne8 13. Bxg7 Kxg7 14. Ne2 Qc7
15. Qd2 Nf6 16. Qc3 Bb7 17. a5 Rac8 18. axb6 Qxb6 19. Qa3 a6 20. Rfc1 Nd7 21.
dxc5 Nxc5 22. Nc3 Rfd8 23. Rd1 Rc7 24. Rd2 Nd7 25. Be2 Rc6 26. Na4 Qc7 27. c3
Nb6 1/2-1/2

[Event "GBR-ch85"]
[Site "Torquay"]
[Date "1998.07.29"]
[Round "3.26"]
[White "Pert, Richard G"]
[Black "Player, Edmund C"]
[Result "1-0"]
[WhiteElo "2240"]
[BlackElo "2110"]
[PlyCount "65"]
[EventDate "1998.07.27"]
[EventType "swiss"]
[EventRounds "11"]
[EventCountry "GBR"]
[SourceTitle "BritBase"]
[Source "britbase.info"]
[SourceDate "2021.07.30"]
[SourceVersion "1"]
[SourceVersionDate "2021.07.30"]
[SourceQuality "1"]

1. e4 e6 2. d4 d5 3. Nd2 Nf6 4. e5 Nfd7 5. Bd3 c5 6. c3 Nc6 7. Ne2 cxd4 8. cxd4
f6 9. exf6 Nxf6 10. Nf3 Bd6 11. O-O Qc7 12. g3 O-O 13. Bf4 Bd7 14. Rc1 Bxf4 15.
Nxf4 Qd6 16. Re1 Rae8 17. Ne5 Re7 18. h4 Be8 19. a3 g6 20. Bb1 Nd7 21. Rc3
Ndxe5 22. dxe5 Qd8 23. Qg4 Bd7 24. h5 Rg7 25. h6 Rgf7 26. Nxg6 hxg6 27. Bxg6
Re7 28. Bf7+ Kxf7 29. Rf3+ Ke8 30. Qh5+ Ref7 31. Rxf7 Rxf7 32. h7 Ke7 33. Qg5+
1-0

[Event "GBR-ch85"]
[Site "Torquay"]
[Date "1998.07.29"]
[Round "3.29"]
[White "Ledger, David"]
[Black "Jackson, Sheila"]
[Result "1-0"]
[WhiteElo "2220"]
[BlackElo "2165"]
[PlyCount "111"]
[EventDate "1998.07.27"]
[EventType "swiss"]
[EventRounds "11"]
[EventCountry "GBR"]
[SourceTitle "BritBase Aug 2004"]

1. e4 e5 2. Bc4 Nf6 3. d3 Bc5 4. Nc3 d6 5. f4 Bg4 6. Nf3 Nc6 7. Na4 Bb6 8. Nxb6
axb6 9. h3 Be6 10. Bb5 exf4 11. Bxf4 O-O 12. O-O Na7 13. Ba4 b5 14. Bb3 h6 15.
Nd4 d5 16. e5 Nd7 17. Nxe6 fxe6 18. Qg4 Qe7 19. Bxh6 Nxe5 20. Qg3 Nac6 21. Bf4
Nd4 22. Rae1 Nxb3 23. Bxe5 Rxf1+ 24. Rxf1 Na5 25. Bxc7 Nc6 26. Bd6 Qd7 27. c3
Rd8 28. Be5 d4 29. Re1 dxc3 30. Bxc3 b4 31. Be5 Nd4 32. Re4 Nf5 33. Qg6 b3 34.
axb3 Qf7 35. Qxf7+ Kxf7 36. Rb4 Rd7 37. Kf2 Ne7 38. Rf4+ Kg8 39. Ke2 Nc6 40.
Bc3 Ne7 41. Re4 Nd5 42. g3 Kf7 43. Rg4 Kf8 44. Rg6 Re7 45. h4 Kg8 46. h5 Kh7
47. Kf3 b5 48. Ke4 Nb6 49. Ke5 Rf7 50. Kxe6 Rf3 51. Rxg7+ Kh6 52. g4 Rxd3 53.
Rg6+ Kh7 54. g5 Re3+ 55. Kf7 Rf3+ 56. Bf6 1-0

[Event "GBR-ch85"]
[Site "Torquay"]
[Date "1998.07.29"]
[Round "3.31"]
[White "Smith, Andrew Philip"]
[Black "Leech, Aiden"]
[Result "1-0"]
[WhiteElo "2290"]
[BlackElo "2145"]
[PlyCount "111"]
[EventDate "1998.07.27"]
[EventType "swiss"]
[EventRounds "11"]
[EventCountry "GBR"]
[SourceTitle "BritBase Aug 2004"]

1. d4 Nf6 2. c4 g6 3. Nc3 Bg7 4. e4 d6 5. f3 O-O 6. Be3 e5 7. d5 c6 8. Bd3 a6
9. Nge2 Nbd7 10. O-O cxd5 11. cxd5 Nc5 12. Bc2 a5 13. a3 Bd7 14. b4 Na6 15. Rb1
b5 16. Bd3 Rb8 17. Qd2 axb4 18. axb4 Ne8 19. Rb2 f5 20. Ra1 Nac7 21. Nc1 f4 22.
Bf2 g5 23. Nb3 Nf6 24. Na5 g4 25. Rc2 Qe8 26. Nc6 g3 27. hxg3 fxg3 28. Bxg3 Rb7
29. Na5 Rb8 30. Nc6 Rb7 31. Na5 Rb8 32. Qg5 Kh8 33. Nc6 Bxc6 34. dxc6 Rb6 35.
Bf2 Rxc6 36. Ra7 Rg8 37. Qh4 Qc8 38. Ne2 Ne6 39. Rxc6 Qxc6 40. Ng3 Nf4 41. Bf1
Ne8 42. Nf5 Ng6 43. Qg5 Nc7 44. Bxb5 Qxb5 45. Rxc7 Qb8 46. Rxg7 Rxg7 47. Qf6
Qf8 48. Qxg7+ Qxg7 49. Nxg7 Kxg7 50. b5 Kf7 51. b6 Ne7 52. b7 Nc6 53. Ba7 Ke6
54. b8=Q Nxb8 55. Bxb8 d5 56. Kf2 1-0

[Event "GBR-ch85"]
[Site "Torquay"]
[Date "1998.07.29"]
[Round "3.32"]
[White "Rendle, Thomas"]
[Black "Coleman, David"]
[Result "1-0"]
[WhiteElo "1848"]
[BlackElo "2245"]
[PlyCount "79"]
[EventDate "1998.07.27"]
[EventType "swiss"]
[EventRounds "11"]
[EventCountry "GBR"]
[SourceTitle "BritBase"]
[Source "britbase.info"]
[SourceDate "2021.07.30"]
[SourceVersion "1"]
[SourceVersionDate "2021.07.30"]
[SourceQuality "1"]

1. e4 c5 2. Nf3 d6 3. d4 cxd4 4. Nxd4 Nf6 5. Nc3 a6 6. Bc4 e6 7. Bb3 b5 8. O-O
Be7 9. Qf3 Qc7 10. Qg3 O-O 11. Bh6 Ne8 12. Rad1 Bd7 13. a3 Nc6 14. Nde2 Na5 15.
Ba2 Nc4 16. Bxc4 bxc4 17. b4 cxb3 18. cxb3 Bc6 19. Rc1 Qb7 20. f3 Bf6 21. b4 a5
22. Rb1 axb4 23. axb4 Bb5 24. Nxb5 Qxb5 25. Rfe1 Ra2 26. Nc1 Rc2 27. Be3 Be5
28. Qh4 Nf6 29. Nb3 Ra8 30. Rec1 Rb2 31. Rxb2 Bxb2 32. Rc2 Ba3 33. Qe1 Bxb4 34.
Qc1 h6 35. Qd1 Kh7 36. Rc7 Ra3 37. Qc2 Qa4 38. e5+ g6 39. Rxf7+ Kh8 40. Rxf6 {
time} 1-0

[Event "GBR-ch85"]
[Site "Torquay"]
[Date "1998.07.29"]
[Round "3.33"]
[White "Gunter, David"]
[Black "Richards, Heather"]
[Result "0-1"]
[WhiteElo "2175"]
[BlackElo "2130"]
[PlyCount "78"]
[EventDate "1998.07.27"]
[EventType "swiss"]
[EventRounds "11"]
[EventCountry "GBR"]
[SourceTitle "BritBase"]
[Source "britbase.info"]
[SourceDate "2021.07.30"]
[SourceVersion "1"]
[SourceVersionDate "2021.07.30"]
[SourceQuality "1"]

1. c4 e5 2. Nc3 Bb4 3. Nd5 Be7 4. g3 c6 5. Nxe7 Qxe7 6. Bg2 f5 7. e3 Nf6 8. Ne2
O-O 9. O-O d6 10. b4 Be6 11. d3 Nbd7 12. a4 Rab8 13. b5 e4 14. bxc6 bxc6 15.
Nd4 Rfc8 16. Ba3 c5 17. Nxe6 Qxe6 18. Rc1 Ne5 19. dxe4 fxe4 20. Qc2 Nf3+ 21.
Kh1 Nxh2 22. Kxh2 Ng4+ 23. Kg1 Qh6 24. Rfe1 Qh2+ 25. Kf1 Rf8 26. Re2 Rxf2+ 27.
Rxf2 Nxe3+ 28. Ke2 Nxc2 29. Rxc2 Qxg3 30. Bc1 Qg4+ 31. Ke1 Re8 32. Be3 Qg3 33.
Rce2 Qe5 34. Rc2 Qa1+ 35. Kd2 Qxa4 36. Rf4 Qb4+ 37. Kd1 Qb3 38. Bd2 e3 39. Be1
Qb1+ 0-1